00925nam a2200193 a 450000100100000000500170001000800410002704000250006824500890009326000770018230000210025950000420028070000330032270000360035595201110039195201060050295201060060899900170071400003748820200930080408.0120420s1968 xxu 000 0 spa d aDO-SdBNPbspacBNPHU 0aReadings in modern political analysis /cEditores Robert A. Dahl, Deane E. Neubauer. aEstados Unidos :bFoundations of Modern Political Science Series,c1968. a424 p. ;c24 cm. aIncluye notas al pie de las páginas1 aDahl, Robert A.,eed.9639371 aNeubauer, Deane E.,eed.963938 001054708MOaGRbGRcCTd2012-04-20iLF1l0o p37488-10r2020-06-25w2020-06-25y4ZPréstamo en sala 0010507-18MOaGRbGRcOId2012-04-20iLF1l0o p37489-10r2020-06-25w2020-06-25y1ZNo se presta 0010507-18MOaPDbPDcOId2012-04-20iLF1l0o p37490-10r2020-06-25w2020-06-25y1ZNo se presta c36978d36978